Every Song by Descendents - Statistics

General Stats
  • This quiz has been taken 41 times
  • The average score is 46 of 137
Answer Stats
Album Song % Correct
Cool to Be You(2004) 'Merican
88%
I Don't Want to Grow Up(1985) Good Good Things
80%
Milo Goes to College(1982) Hope
80%
I Don't Want to Grow Up(1985) I Don't Want to Grow Up
80%
I Don't Want to Grow Up(1985) Silly Girl
80%
Everything Sucks(1996) Everything Sux
76%
Milo Goes to College(1982) Suburban Home
76%
All(1987) All
72%
Milo Goes to College(1982) Bikeage
72%
Milo Goes to College(1982) Myage
72%
Cool to Be You(2004) Cool to Be You
68%
Enjoy!(1986) Enjoy
68%
Milo Goes to College(1982) I'm Not a Loser
68%
Milo Goes to College(1982) I'm Not a Punk
60%
Everything Sucks(1996) I'm the One
60%
I Don't Want to Grow Up(1985) Pervert
60%
Milo Goes to College(1982) I Wanna Be a Bear
56%
Milo Goes to College(1982) M-16
56%
Milo Goes to College(1982) Marriage
56%
Milo Goes to College(1982) Parents
56%
All(1987) Clean Sheets
52%
All(1987) Coolidge
52%
Cool to Be You(2004) Nothing with You
52%
Milo Goes to College(1982) Tonyage
52%
Everything Sucks(1996) We
52%
Milo Goes to College(1982) Catalina
48%
Milo Goes to College(1982) Jean is Dead
48%
Milo Goes to College(1982) Kabuki Girl
48%
I Don't Want to Grow Up(1985) Christmas Vacation
44%
Cool to Be You(2004) Mass Nerder
44%
All(1987) No, All!
44%
Everything Sucks(1996) Rotting Out
44%
Everything Sucks(1996) When I Get Old
44%
I Don't Want to Grow Up(1985) Can't Go Back
40%
Everything Sucks(1996) Coffee Mug
40%
I Don't Want to Grow Up(1985) Descendents
40%
Fat EP(1981) I Like Food
40%
I Don't Want to Grow Up(1985) In Love This Way
40%
9th & Walnut(2021) | Bonus Fat(1985) It's a Hectic World
40%
I Don't Want to Grow Up(1985) No FB
40%
Enjoy!(1986) Sour Grapes
40%
Milo Goes to College(1982) Statue of Liberty
40%
Cool to Be You(2004) Talking
40%
Everything Sucks(1996) Thank You
40%
All(1987) Van
40%
Hypercaffium Spazzinate(2016) Without Love
40%
I Don't Want to Grow Up(1985) Ace
36%
All(1987) All-O-Gistics
36%
All(1987) Cameage
36%
Enjoy!(1986) Cheer
36%
Cool to Be You(2004) Dog and Pony Show
36%
'Merican(2004) Here with Me
36%
All(1987) Iceman
36%
Hypercaffium Spazzinate(2016) No Fat Burger
36%
Cool to Be You(2004) One More Day
36%
Cool to Be You(2004) She Don't Care
36%
I Don't Want to Grow Up(1985) Theme
36%
Everything Sucks(1996) I Won't Let Me
32%
Enjoy!(1986) Kids
32%
9th & Walnut(2021) | Bonus Fat(1985) Ride the Wild
32%
Everything Sucks(1996) Sick-O-Me
32%
Fat EP(1981) Weinerschnitzel
32%
Cool to Be You(2004) Blast Off
28%
Everything Sucks(1996) Caught
28%
Cool to Be You(2004) Dry Spell
28%
'Merican(2004) I Quit
28%
Fat EP(1981) My Dad Sucks
28%
9th & Walnut(2021) Nightage
28%
Enjoy!(Bonus)(1986) Orgofart
28%
Everything Sucks(1996) She Loves Me
28%
Non-Album(2020) Suffrage
28%
Everything Sucks(1996) Doghouse
24%
Cool to Be You(2004) Dreams
24%
Everything Sucks(1996) Eunuch Boy
24%
Enjoy!(1986) Get the Time
24%
Everything Sucks(Hidden)(1996) Grand Theme
24%
Everything Sucks(1996) Hateful Notebook
24%
Fat EP(1981) Hey Hey
24%
Hypercaffium Spazzinate(2016) Limiter
24%
Cool to Be You(2004) Maddie
24%
Fat EP(1981) Mr. Bass
24%
I Don't Want to Grow Up(1985) My World
24%
Enjoy!(Bonus)(1986) Orgo 51
24%
All(1987) Pep Talk
24%
I Don't Want to Grow Up(1985) Rockstar
24%
Hypercaffium Spazzinate(2016) Shameless Halo
24%
Hypercaffium Spazzinate(2016) Spineless and Scarlet Red
24%
Cool to Be You(2004) Tack
24%
Non-Album(2017) Who We Are
24%
'Merican(2004) Alive
20%
Cool to Be You(2004) Anchor Grill
20%
Hypercaffium Spazzinate(2016) Beyond the Music
20%
Enjoy!(1986) Days are Blood
20%
Hypercaffium Spazzinate(2016) Feel This
20%
I Don't Want to Grow Up(1985) GCF
20%
Hypercaffium Spazzinate(2016) Human Being
20%
Enjoy!(1986) Hürtin' Crüe
20%
All(Bonus)(1987) Jealous of the World
20%
9th & Walnut(2021) Lullaby
20%
Hypercaffium Spazzinate(2016) On Paper
20%
All(1987) Schizophrenia
20%
Hypercaffium Spazzinate(2016) Smile
20%
Everything Sucks(1996) This Place
20%
All(Bonus)(1987) Uranus
20%
Enjoy!(1986) 80's Girl
16%
9th & Walnut(2021) Baby Doncha Know
16%
Hypercaffium Spazzinate(2016) Comeback Kid
16%
Hypercaffium Spazzinate(2016) Fighting Myself
16%
Hypercaffium Spazzinate(2016) Full Circle
16%
Chunks(1981) Global Probing
16%
Enjoy!(1986) Green
16%
All(1987) Impressions
16%
9th & Walnut(2021) I'm Shaky
16%
9th & Walnut(2021) Like the Way I Know
16%
9th & Walnut(2021) Sailor's Choice
16%
Hypercaffium Spazzinate(2016) Testosterone
16%
Hypercaffium Spazzinate(2016) Victim of Me
16%
Hypercaffium Spazzinate(Bonus)(2016) Business A.U.
12%
9th & Walnut(2021) Crepe Suzette
12%
Hypercaffium Spazzinate(Bonus)(2016) Days of Desperation
12%
Sessions(1997) Gotta
12%
Hypercaffium Spazzinate(Bonus)(2016) Grindstone
12%
9th & Walnut(2021) Grudge
12%
9th & Walnut(2021) I Need Some
12%
9th & Walnut(2021) It's My Hair
12%
9th & Walnut(2021) Mohicans
12%
Non-Album(2021) That's The Breaks
12%
Hypercaffium Spazzinate(Bonus)(2016) Thinkin
12%
9th & Walnut(2021) Tired of Being Tired
12%
9th & Walnut(2021) To Remember
12%
Hypercaffium Spazzinate(Bonus)(2016) Unchanged
12%
Hypercaffium Spazzinate(2016) We Got Defeat
12%
9th & Walnut(2021) Yore Disgusting
12%
9th & Walnut(2021) You Make Me Sick
12%
Non-Album(2004) Sad State of Affairs
4%
No matching quizzes found
Score Distribution
Percent of People with Each Score
Percentile by Number Answered
Your Score History
You have not taken this quiz